00463nam a2200157Ia 4500003000900000008004100009020001800050040001600068080001300084100001900097245010000116260004000216300001500256650001700271650001700288IN-BaIIA211028s9999 xx 000 0 eng d a81-7371-124-0 cIIA Library a523bABH aAbhyankar, K D 0aAstrophysics of the solar systemcK. D. Abhyankar  aHyderabadbUniversities Pressc1999 axiv, 255p. aAstrophysics aSolar system